000
00280nam a2200097Ia 4500
008
220216s9999 xx 000 0 und d
100
_a
Tillekeratne L M K
245
0
_a
Presentation of latex crepes in TSR form to ensure consistency in quality
650
_a
Latex crepe
942
_c
JS
999
_c
65644
_d
65644